Joueurs français ayant joué au FC Valence - Statistiques

Statistiques générales
  • Ce quiz a été pris 26 fois
  • Le résultat moyen est 5 sur 13
Statistiques - réponses
Année d'arrivée Année de départ Club précédant Club suivant Nombre de match Joueurs % Correct
2018 2021 Atlético de Madrid RC Strasbourg Alsace 121 Kévin Gameiro
91%
2011 2014 LOSC Lille AC Milan 93 Adil Rami
77%
2018 2020 Arsenal FC Villarreal CF 89 Francis Coquelin
77%
2016 2017 Manchester City Manchester City 54 Eliaquim Mangala
68%
2009 2014 Toulouse FC FC Barcelone 177 Jérémy Mathieu
64%
2012 2013 Olympique Lyonnais FC Liverpool 36 Aly Cissokho
36%
2000 2001 Chelsea FC Fin de carrière 21 Didier Deschamps
36%
2025 En cours Stade Rennais FC En cours 22 Baptiste Santamaria
23%
2003 2003 Stade Rennais FC Stade Rennais FC 24 Anthony Réveillère
9%
1998 2000 Paris Saint-Germain FC Girondins de Bordeaux 43 Alain Roche
5%
2022 2024 Valencia Mestalla Sporting CP 19 Koba Koindredi
5%
2004 2009 FC Metz LOSC Lille 16 Ludovic Butelle
5%
2002 2005 Stade Rennais FC Royal Excelsior Mouscron 1 Jean-Félix Dorothée
0%
Aucun quiz correspondant
Distribution des résultats
% des personnes avec chaque résultat
Percentile par nombre de réponses
Votre historique - résultats
Vous n’avez pas pris ce quiz